The Eye book / (Record no. 106308)
[ view plain ]
| 000 -LEADER | |
|---|---|
| fixed length control field | 00616nam a2200193 a 4500 |
| 005 - DATE AND TIME OF LATEST TRANSACTION | |
| control field | 20140412111429.0 |
| 008 - FIXED-LENGTH DATA ELEMENTS--GENERAL INFORMATION | |
| fixed length control field | 090710s19uu xx 00 eng d |
| 020 ## - INTERNATIONAL STANDARD BOOK NUMBER | |
| International Standard Book Number | 0-375-80033-6 |
| 050 ## - LIBRARY OF CONGRESS CALL NUMBER | |
| Classification number | TR(PS E |
| Item number | Ey2 1999 |
| 100 ## - MAIN ENTRY--PERSONAL NAME | |
| Personal name | Dr. Seuss |
| 245 ## - TITLE STATEMENT | |
| Title | The Eye book / |
| Statement of responsibility, etc | Dr. Seuss. |
| 260 ## - PUBLICATION, DISTRIBUTION, ETC. (IMPRINT) | |
| Place of publication, distribution, etc | Canada : |
| Name of publisher, distributor, etc | Random house, |
| Date of publication, distribution, etc | 1999. |
| 300 ## - PHYSICAL DESCRIPTION | |
| Extent | 1v. unp. |
| 440 ## - SERIES STATEMENT/ADDED ENTRY--TITLE | |
| Title | Bright and early books for beginning beginners |
| 520 ## - SUMMARY, ETC. | |
| Summary, etc | A boy and a rabbit both have two eyes that see all kinds of things, from blue to read to a bird and a bed. |
| 650 ## - SUBJECT ADDED ENTRY--TOPICAL TERM | |
| Topical term or geographic name as entry element | Vision - fiction |
| 650 ## - SUBJECT ADDED ENTRY--TOPICAL TERM | |
| Topical term or geographic name as entry element | Eye - fiction |
| Withdrawn status | Lost status | Damaged status | Home library | Current library | Shelving location | Date acquired | Source of acquisition | Total Checkouts | Full call number | Barcode | Date last seen | Price effective from | Koha item type |
|---|---|---|---|---|---|---|---|---|---|---|---|---|---|
| Elizalde Library | Elizalde Library | Teachers Reference Section | 07/10/2009 | TR(PS E Ey2 1999 | E11568 | 04/12/2014 | 04/12/2014 | Books |